[Event "7th Kavalier Open"]
[Site "Vienna AUT"]
[Date "2012.10.30"]
[Round "5.8"]
[White "Fasser,W"]
[Black "Arztmann,Nils"]
[Result "1-0"]
[WhiteElo "1960"]
[BlackElo "1861"]

1.c4 c6 2.e4 d5 3.cxd5 cxd5 4.exd5 Nf6 5.Bb5+ Nbd7 6.Nc3 a6 7.Qa4 g6 8.Nf3 Bg7
9.d4 O-O 10.Bxd7 Bxd7 11.Qb3 b5 12.O-O Bf5 13.Re1 Re8 14.Bf4 Nh5 15.Bg5 h6
16.Be3 Qd6 17.a3 Nf6 18.Ne5 g5 19.Rad1 Rad8 20.Nc6 Rd7 21.Nb4 Ng4 22.g3 Qg6
23.Rd2 Rd6 24.f3 Nxe3 25.Rxe3 g4 26.Ne4 Rb6 27.Nc6 gxf3 28.Nf2 Qg5 29.Rd1 h5
30.Rxf3 h4 31.Qc3 Bd7 32.Qc5 Rb7 33.Re1 Bxc6 34.Qxc6 Rbb8 35.Kg2 Rec8 36.Qd7 Bxd4
37.Ne4 Qg6 38.Nc3 Bxc3 39.Rxc3 Rd8 40.Qc6 Qxc6 41.dxc6 hxg3 42.c7 Rbc8 43.Kxg3 f6
44.Re6 Kf7 45.Rxa6 Rg8+ 46.Kf2 Rg4 47.Rac6 Ke8 48.Kf3 Rd4 49.b4 Rd5 50.h4 Kd7
51.Kf4 Rd4+ 52.Kg3 Rd1 53.R6c5 Rg1+ 54.Kf2 Rg4 55.Rd5+ Ke8 56.h5 e5 57.Rxb5 Rh4
58.Rbc5 Rxh5 59.b5 Rh2+ 60.Kg3 Rb2 61.Kg4 Kd7 62.Kf5 Rf2+ 63.Ke4 Rb2 64.a4 Rb4+
65.Kf5 Rxa4 66.Kxf6 Rh4 67.Rd5+ Ke8 68.Rxe5+ Kd7 69.Rd5+  1-0

[Event "Chigorin Memorial"]
[Site "St Petersburg RUS"]
[Date "2012.10.31"]
[Round "5.34"]
[White "Ionov,S"]
[Black "Airapetian,G"]
[Result "1/2-1/2"]
[WhiteElo "2550"]
[BlackElo "2435"]

1.c4 c6 2.Nf3 Nf6 3.d4 d5 4.e3 a6 5.Bd2 g6 6.Nc3 Bg7 7.Bd3 O-O 8.O-O b5 9.cxd5 cxd5
10.Ne5 Bb7 11.Qb3 Ne4 12.Rfd1 Bxe5 13.dxe5 Nc5 14.Qc2 Nc6 15.Bf1 Ne6 16.f4 d4
17.Be1 Qb8 18.exd4 Ncxd4 19.Qf2 Rd8 20.Rac1 Qa7 21.Bd2 Bf3 22.Re1 Nf5 23.Nb1 Bd5
24.b3 Qb7 25.Ba5 Rd7 26.Nc3 Bc6 27.Red1 Rc8 28.Rxd7 Bxd7 29.Bb4 Bc6 30.Ne2 Rd8
31.Ba5 Rd7 32.Qb6 Qxb6+ 33.Bxb6 Bb7 34.Ba5 Ne3 35.Kf2 Nd1+ 36.Kg1 Ne3 37.Kf2 Nd1+
38.Kg1 Ne3 39.Kf2 Nd1+  1/2-1/2

[Event "Chigorin Memorial"]
[Site "St Petersburg RUS"]
[Date "2012.10.31"]
[Round "5.125"]
[White "Pogosian,Vl"]
[Black "Kiseleva,A"]
[Result "1-0"]
[WhiteElo "2143"]
[BlackElo "1939"]

1.c4 c6 2.Nf3 d5 3.g3 Nf6 4.Bg2 Bg4 5.Qb3 Bxf3 6.Bxf3 Qd7 7.cxd5 cxd5 8.Nc3 e6
9.O-O Nc6 10.Bg2 Be7 11.d3 O-O 12.Bg5 h6 13.Bf4 a6 14.Rac1 b5 15.e4 e5 16.Bd2 Nd4
17.Qd1 dxe4 18.dxe4 Rfd8 19.Nd5 Nxd5 20.exd5 Rac8 21.Qh5 Rxc1 22.Rxc1 Bd6
23.Bc3 g6 24.Qd1 Nf5 25.a3 Qa7 26.Ba5 Re8 27.Rc6 e4 28.Bb6 Qe7 29.Qd2 Qe5
30.Rc1 Ne7 31.Rd1 Kh7 32.b4 Rb8 33.Be3 Nf5 34.Bf4 Qe7 35.Re1 Bxf4 36.Qxf4 Nd6
37.Rc1 g5 38.Qe3 f5 39.Rc6 Nc4 40.Qc5 Qxc5 41.bxc5 Nxa3 42.g4 b4 43.gxf5 Re8
44.Rxa6 Nc4 45.Ra7+  1-0

[Event "Chigorin Memorial"]
[Site "St Petersburg RUS"]
[Date "2012.10.31"]
[Round "5.1"]
[White "Shimanov,A"]
[Black "Hovhannisyan,R"]
[Result "1-0"]
[WhiteElo "2599"]
[BlackElo "2610"]

1.c4 c6 2.d4 d5 3.cxd5 cxd5 4.Nc3 Nf6 5.Bf4 Nc6 6.e3 a6 7.Rc1 Bf5 8.Nf3 Rc8
9.Ne5 Nxe5 10.dxe5 Ne4 11.Nxe4 Rxc1 12.Qxc1 Bxe4 13.e6 Qa5+ 14.Ke2 fxe6 15.f3 Bf5
16.Be5 h5 17.h4 Kf7 18.Kf2 Qxa2 19.Be2 Rh7 20.g4 Bg6 21.Qc7 Qb3 22.Rc1 hxg4
23.fxg4 Rxh4 24.Bd4 Kg8 25.Qe5 Bc2 26.Kg3 Rh6 27.g5 Rg6 28.Bg4 Bf5 29.Bxf5 exf5
30.Qxf5 Rc6 31.Rf1  1-0

[Event "Chigorin Memorial"]
[Site "St Petersburg RUS"]
[Date "2012.11.01"]
[Round "6.98"]
[White "Belov,Nikita"]
[Black "Dolgova,O"]
[Result "1-0"]
[WhiteElo "2034"]
[BlackElo "2250"]

1.c4 c6 2.g3 d5 3.Bg2 Nf6 4.b3 Bg4 5.Bb2 e6 6.d3 Nbd7 7.Nd2 Be7 8.Ngf3 O-O
9.O-O a5 10.Qc2 Qb8 11.Rae1 e5 12.d4 e4 13.Ne5 Be6 14.f3 e3 15.Nb1 g6 16.Qc1 Nxe5
17.dxe5 Nd7 18.f4 dxc4 19.bxc4 Nb6 20.Be4 Qc8 21.Bd3 Bc5 22.Nc3 f5 23.exf6 Bxc4
24.Ne4 Bxd3 25.f7+ Kxf7 26.Ng5+ Ke8 27.Qxc5  1-0

[Event "US Chess League 2012"]
[Site "ICC INT"]
[Date "2012.11.02"]
[Round "9"]
[White "Gorman,D"]
[Black "Herman,Ma"]
[Result "1-0"]
[WhiteElo "2229"]
[BlackElo "2385"]

1.c4 c6 2.d4 d5 3.Nc3 Nf6 4.cxd5 cxd5 5.Nf3 Nc6 6.Bf4 Ne4 7.e3 Nxc3 8.bxc3 g6
9.Bb5 Bg7 10.Ne5 Bd7 11.Nxd7 Qxd7 12.Qa4 O-O 13.O-O Rfc8 14.c4 dxc4 15.Bxc4 e5
16.dxe5 Nxe5 17.Bb5 Qe7 18.Rad1 a6 19.Be2 b5 20.Qe4 Ra7 21.Rd5 Nc4 22.Qxe7 Rxe7
23.Rfd1 h5 24.g4 hxg4 25.Bxg4 Rc6 26.Rd8+ Kh7 27.Bf3 Rb6 28.R1d7 Rxd7 29.Rxd7 f6
30.Bd5 Ne5 31.Ra7 b4 32.e4 Nd3 33.Bc7 Rb5 34.Kf1 Rc5 35.Bd6 Rc2 36.Bf8 Nf4
37.Rxg7+ Kh8 38.f3 Rc8 39.Rg8+ Kh7 40.Bb3 Rc3 41.Rg7+ Kh8 42.Ra7 Rxf3+ 43.Ke1 Re3+
44.Kd2 Rd3+ 45.Kc2 Rc3+ 46.Kb1 Nd3 47.Bg7+  1-0

[Event "Chigorin Memorial"]
[Site "St Petersburg RUS"]
[Date "2012.11.02"]
[Round "7.126"]
[White "Pogosian,Vl"]
[Black "Kosov,Ig"]
[Result "1-0"]
[WhiteElo "2143"]
[BlackElo "1817"]

1.c4 c6 2.g3 d5 3.Bg2 e5 4.cxd5 cxd5 5.Nf3 Nc6 6.O-O Nf6 7.d4 e4 8.Ne5 Bd6
9.Qa4 Qc7 10.Nc3 O-O 11.Nb5 Qe7 12.Nxd6 Qxd6 13.b3 Qe6 14.Ba3 Rd8 15.Nxc6 bxc6
16.e3 Bd7 17.Qa5 Rdc8 18.Rac1 h5 19.h4 g5 20.hxg5 Nh7 21.Qc5 Nxg5 22.Qd6 Qg4
23.Qf4 Ne6 24.Qf6 Qg6 25.Qxg6+ fxg6 26.Rc3 g5 27.Rfc1 g4 28.Bf1 Rcb8 29.Bd6 Rb6
30.Kg2 a5 31.Be2 Kf7 32.Rh1 Kg6 33.a3 Rb7 34.Rhc1 Be8 35.Bd1 Bd7 36.b4 a4
37.Be5 Kf5 38.Bc2 Ng5 39.Bb1 Ra6 40.Rc5 Ne6 41.R5c3 Ng5 42.Bc2 Ke6 43.Rc5 Nf7
44.Bf4 Nd6 45.Bd1 Nb5 46.Be2 Rab6 47.Ra1 Be8 48.Bg5 Rb8 49.Kf1 Kf5 50.Bf4 R8b7
51.Ke1 Ke6 52.Kd2 Kf5 53.Kc2 Ke6 54.Kb2 Kf5 55.Rac1 Bd7 56.Bxb5 Rxb5 57.Rxc6 Bxc6
58.Rxc6 R5b6 59.Rc8 Rh7 60.Ra8 Rc6 61.Rxa4 Rh8 62.Ra5 Ke6 63.Rc5 Rhc8 64.a4 Rxc5
65.dxc5 Kd7 66.Bd6 Rc6 67.Kc3 Ra6 68.a5 Kc6 69.Kd4 Ra7 70.b5+ Kxb5 71.Kxd5 Rxa5
72.Kxe4 Ra2 73.f4 Ra4+ 74.Kf5 Ra3 75.c6 Ra5 76.c7 Kc6+ 77.Be5 Rxe5+ 78.fxe5 Kxc7
79.Kg5 Kd7 80.Kxh5 Ke6 81.Kxg4 Kxe5 82.Kf3  1-0

[Event "TCh-NOR Eliteserien 2012-13"]
[Site "Haraldsheim NOR"]
[Date "2012.11.03"]
[Round "2"]
[White "Sahl,S"]
[Black "Madland,K"]
[Result "1/2-1/2"]
[WhiteElo "2243"]
[BlackElo "2082"]

1.c4 c6 2.e4 d5 3.exd5 cxd5 4.d4 Nf6 5.Nc3 e6 6.Nf3 Be7 7.cxd5 exd5 8.Bd3 O-O
9.h3 h6 10.O-O a6 11.Bf4 b5 12.Rc1 Bb7 13.Re1 Re8 14.a3 Nbd7 15.Bb1 Rc8 16.Ne5 Nf8
17.Qf3 Ne6 18.Be3 Bd6 19.Qf5 Nf8 20.Bf4 Ne6 21.Ne2 Rxc1 22.Rxc1 Nxf4 23.Nxf4 Bxe5
24.dxe5 Ne4 25.Nd3 Qe7 26.Qf4 a5 27.Qe3 Ng5 28.Qb6 Bc8 29.f4 Ne4 30.Ba2 Be6
31.Rc7 Qh4 32.Qe3 Ng3 33.Qf2 Bf5 34.Nc5 Qxf4 35.Qxf4 Ne2+ 36.Kf2 Nxf4 37.g4 Bg6
38.Kg3 Ne2+ 39.Kf2 Nc1 40.Bxd5 Rxe5 41.Rc8+ Kh7 42.Nd7 Nd3+ 43.Kg3 Rxd5  1/2-1/2

[Event "Chigorin Memorial"]
[Site "St Petersburg RUS"]
[Date "2012.11.03"]
[Round "8.98"]
[White "Belov,Nikita"]
[Black "Cheremnova,T"]
[Result "0-1"]
[WhiteElo "2034"]
[BlackElo "2235"]

1.c4 c6 2.g3 d5 3.Bg2 Nf6 4.b3 e5 5.Bb2 Bd6 6.d3 O-O 7.Nd2 d4 8.Ngf3 c5 9.O-O Nc6
10.e3 Bf5 11.e4 Be6 12.h3 Nd7 13.Nh2 f6 14.Ndf3 Rb8 15.Nh4 g6 16.Bc1 b5 17.f4 Bf7
18.Ng4 bxc4 19.Nh6+ Kh8 20.Nxf7+ Rxf7 21.bxc4 Qa5 22.Bd2 Qa3 23.Qg4 Nf8 24.f5 g5
25.Qh5 Rg7 26.Nf3 Qxd3 27.Qh6 Be7 28.Bxg5 Rxg5 29.Nxg5 Qe3+ 30.Kh2 Qxg5 31.Qxg5 fxg5
32.Rab1 Nd7 33.Rxb8+ Ncxb8 34.Rb1 Nb6 35.Bf1 Nc6 36.Rb5 Kg7 37.a3 Kf7 38.Be2 Bd6
39.Kg2 Ke7 40.a4 Nd8 41.Kf3 Kd7 42.Kg4 Be7 43.f6 Bxf6 44.Rxc5 Nc6 45.Rb5 Nxa4
46.Rb7+ Ke6 47.Rxh7 Nc3 48.Kf3 a5 49.c5 Nxe2 50.Kxe2 Be7 51.Rh6+ Kd7 52.h4 gxh4
53.gxh4 a4 54.h5 a3 55.Rg6 a2 56.Rg1 Bg5 57.Kf3 Nb4 58.Kg4 Be3 59.Ra1 d3
60.Kf3 Bf4 61.Kf2 Kc6  0-1

[Event "Chigorin Memorial"]
[Site "St Petersburg RUS"]
[Date "2012.11.03"]
[Round "8.97"]
[White "Spielmann,Al"]
[Black "Trapeznikova,D"]
[Result "1/2-1/2"]
[WhiteElo "2235"]
[BlackElo "2072"]

1.c4 c6 2.g3 d5 3.Bg2 Nf6 4.Nf3 Bg4 5.Ne5 Bf5 6.cxd5 Nxd5 7.Nc3 e6 8.O-O Nd7
9.Nf3 Be7 10.d3 O-O 11.Re1 Qb6 12.a3 a5 13.Qc2 Nc5 14.Nd2 Bf6 15.Nce4 Nxe4
16.dxe4 Bg6 17.Nc4 Qc5 18.Qb3 b5 19.Nxa5 Ne7 20.e5 Bxe5 21.Be3 Qd6 22.Nb7 Qc7
23.Nc5 Nd5 24.Bd2 Rfd8 25.Rac1 Qb6 26.Bb4 Bd6 27.Red1 Bh5 28.Bf3 Bxf3 29.Qxf3 Nxb4
30.axb4 Bxc5 31.Rxd8+ Rxd8 32.Rxc5 Rd5 33.Rc1 f6 34.Qc3 Rd6 35.Kg2 Qd4 36.Qxd4 Rxd4
37.Rxc6 Rxb4 38.Rxe6 Rxb2 39.Rb6 Rxe2 40.Rxb5 Ra2 41.Rb7  1/2-1/2

[Event "TCh-AUT 2012-13"]
[Site "Hohenems AUT"]
[Date "2012.11.04"]
[Round "3.2"]
[White "Hera,I"]
[Black "Prohaszka,P2"]
[Result "1/2-1/2"]
[WhiteElo "2573"]
[BlackElo "2573"]

1.c4 c6 2.d4 d5 3.cxd5 cxd5 4.Nc3 Nf6 5.Bf4 Nc6 6.e3 Bf5 7.Nf3 e6 8.Qb3 Bb4
9.Bb5 O-O 10.Bxc6 Bxc3+ 11.Qxc3 Rc8 12.Ne5 Ng4 13.Nxg4 Bxg4 14.Qb4 Rxc6 15.Qxb7 Qc8
16.Qxc8 Rfxc8 17.O-O Be2 18.Rfe1 Rc2 19.b3 Rb2 20.Reb1 Rcc2 21.Rxb2 Rxb2
22.Bd6 Bd3 23.b4 Rb1+ 24.Rxb1 Bxb1 25.Bc5 Bxa2 26.Bxa7 Bc4 27.f3 f6 28.h4 Kf7
29.Kf2 Bb5 30.Kg3 Bf1 31.Bc5 Kg6 32.Kf2 Bb5 33.g4 Kf7 34.h5 g6 35.hxg6+ hxg6
36.g5 fxg5 37.Kg3 Kf6 38.Bd6 Kf5 39.Be5 Bc4 40.e4+ dxe4 41.fxe4+ Kxe4 42.Kg4 Kd5
43.Kxg5 Kc6 44.Kxg6 Kb5 45.Bd6 Bd5 46.Kf6  1/2-1/2

[Event "TCh-HUN 2012-13"]
[Site "Mako HUN"]
[Date "2012.11.04"]
[Round "3"]
[White "Grunberg,M"]
[Black "Pataki,G"]
[Result "1/2-1/2"]
[WhiteElo "2413"]
[BlackElo "2367"]

1.c4 c6 2.e4 e5 3.Nf3 d6 4.d4 Bg4 5.Be2 Bxf3 6.Bxf3 Be7 7.Nc3 Bg5 8.dxe5 Bxc1
9.Rxc1 dxe5 10.Qxd8+ Kxd8 11.O-O Nf6 12.Rfd1+ Ke7 13.g3 Na6 14.Bg2 Rhd8 15.Bh3 Nc5  1/2-1/2

[Event "TCh-HUN 2012-13"]
[Site "Nagykanizsa HUN"]
[Date "2012.11.04"]
[Round "3"]
[White "Ribli,Z"]
[Black "Hajnal,Z"]
[Result "1-0"]
[WhiteElo "2554"]
[BlackElo "2384"]

1.c4 c6 2.Nf3 d5 3.e3 Nf6 4.Nc3 g6 5.d4 Bg7 6.Be2 O-O 7.O-O e6 8.Qc2 Nbd7
9.Rd1 b6 10.e4 Nxe4 11.Nxe4 dxe4 12.Qxe4 Bb7 13.Bg5 Qc8 14.Qh4 Re8 15.Bh6 Bf6
16.Qf4 Bh8 17.Ng5 Nf6 18.Rd3 c5 19.dxc5 Qxc5 20.Rad1 e5 21.Qd2 e4 22.Rd4 a5
23.Qf4 Re5 24.Rd8+ Re8 25.R8d6 e3 26.Rxf6 exf2+ 27.Kh1 Re7 28.Rxf7  1-0

[Event "Subzonal 2.3 2012"]
[Site "Pamplona COL"]
[Date "2012.11.07"]
[Round "5.17"]
[White "Nunez V,D"]
[Black "Gonzalez Parejo,Ramon Junior"]
[Result "1/2-1/2"]
[WhiteElo "2242"]
[BlackElo "2083"]

1.c4 c6 2.Nf3 d5 3.e3 Nf6 4.b3 Bf5 5.Bb2 Nbd7 6.Be2 e6 7.O-O Bd6 8.d3 O-O
9.Nh4 Bg6 10.Nxg6 hxg6 11.Nd2 Nh7 12.d4 f5 13.Nf3 Qf6 14.c5 Bc7 15.b4 Ng5
16.Nxg5 Qxg5 17.f4 Qe7 18.a4 Nf6 19.b5 Ne4 20.Bd3 g5 21.Bxe4 fxe4 22.g3 gxf4
23.gxf4 Qh4 24.Qe1 Qxe1 25.Raxe1 Ba5 26.Re2 a6 27.b6 Rf5 28.Rg2 Kf7 29.Bc1 Rh8
30.Bd2 Bxd2 31.Rxd2 Rh3 32.Re2 Kf6 33.Rff2 Rfh5 34.Rg2 Rf3 35.Rg4 Rh7 36.Rg5 Rfh3
37.Rg4 Rf3 38.Rg5 Rfh3 39.Rg4 Rf3 40.Rg5  1/2-1/2

[Event "WY BU14 2012"]
[Site "Maribor SLO"]
[Date "2012.11.08"]
[Round "1.58"]
[White "McCusker,Andrew"]
[Black "Grinberg,E"]
[Result "0-1"]
[WhiteElo "1619"]
[BlackElo "2047"]

1.c4 c6 2.g3 d5 3.Bg2 Nf6 4.Nc3 Bf5 5.Nf3 e6 6.d4 h6 7.Bf4 Nbd7 8.cxd5 exd5
9.O-O Be7 10.a3 O-O 11.Na4 Ne4 12.Nd2 Nxd2 13.Qxd2 Nf6 14.f3 Bd6 15.b4 Bxf4
16.Qxf4 Bg6 17.Nc5 b6 18.Nd3 Bxd3 19.exd3 a5 20.Qd2 Qd6 21.Bh3 axb4 22.axb4 b5
23.Qc3 Ra4 24.Rxa4 bxa4 25.Ra1 Qe7 26.Re1 Qb7 27.Kf2 Rb8 28.Rb1 Qb5 29.Bf5 g6
30.Bh3 Kg7 31.Kg2 Qb6 32.Qc5 Qxc5 33.dxc5 d4 34.Kf2 Nd5 35.Bd7 Nxb4 36.Ke2 a3
37.Kd2 a2 38.Ra1 Rb5  0-1

[Event "WY BU14 2012"]
[Site "Maribor SLO"]
[Date "2012.11.09"]
[Round "2.11"]
[White "Christiansen,Johan-Sebastian"]
[Black "Bai,Jinshi"]
[Result "0-1"]
[WhiteElo "2062"]
[BlackElo "2288"]

1.c4 c6 2.g3 d5 3.Bg2 Nf6 4.Nf3 dxc4 5.O-O Nbd7 6.Na3 Nb6 7.Qc2 Be6 8.Ne5 Qd4
9.Qc3 Qxc3 10.dxc3 Nfd7 11.Nxd7 Bxd7 12.Be3 e6 13.Bxb6 Bxa3 14.Bd4 Bf8 15.Rad1 c5
16.Be5 O-O-O 17.Rd2 f6 18.Bf4 Be7 19.Be4 g5 20.Be3 f5 21.Bg2 Kc7 22.Rfd1 b6
23.f4 g4 24.Kf2 Bc6 25.Rxd8 Rxd8 26.Rxd8 Bxd8 27.Bxc6 Kxc6 28.Bd2 Kd5 29.Ke3 b5
30.Be1 Be7 31.Kd2 Ke4 32.Bf2 Bd6 33.Bg1 h5 34.Bf2 a6 35.Kc2 e5 36.fxe5 Kxe5
37.Kd1 Ke4 38.Kd2 h4 39.gxh4 Bxh2 40.h5 g3 41.Bxc5 g2 42.h6 Bf4+ 43.Ke1 Be3  0-1

[Event "TCh-CZE Div1 Vychod 2012-13"]
[Site "Czech Republic CZE"]
[Date "2012.11.10"]
[Round "3.3"]
[White "Talla,V"]
[Black "Lanc,A"]
[Result "1/2-1/2"]
[WhiteElo "2377"]
[BlackElo "2402"]

1.c4 c6 2.Nf3 d5 3.e3 e6 4.Nc3 Nf6 5.Qc2 Nbd7 6.b3 Bd6 7.Bb2 Qe7 8.Be2 Ba3
9.Bxa3 Qxa3 10.O-O O-O 11.d4 Re8 12.Ne5 Nxe5 13.dxe5 Nd7 14.f4 a6 15.Rad1 Qe7
16.Kh1 b5 17.cxd5 cxd5 18.Bd3 g6 19.e4 b4 20.Na4 Bb7 21.exd5 Bxd5 22.Rc1 f6
23.exf6 Nxf6 24.Nb6 Rab8 25.Nc4 Ng4 26.h3 Bxc4 27.hxg4 Qh4+ 28.Kg1 Bxd3 29.Qxd3 Qxg4
30.Rc7 Rbd8 31.Qxa6 Rd1 32.Rxd1 Qxd1+ 33.Qf1 Qd2 34.Qf2 Qd1+ 35.Qf1 Qd2 36.Qf2  1/2-1/2

[Event "CBX IM Salvador 2012"]
[Site "Salvador BRA"]
[Date "2012.11.10"]
[Round "5.4"]
[White "Pingas,B"]
[Black "De Oliveira,Hebert Silva"]
[Result "1-0"]
[WhiteElo "2232"]
[BlackElo "2140"]

1.c4 c6 2.d4 d5 3.cxd5 cxd5 4.Nc3 Nf6 5.Nf3 Nc6 6.Bf4 e6 7.e3 Bb4 8.Bd3 Qa5
9.Qc2 Be7 10.Qd2 a6 11.O-O O-O 12.h3 Bd7 13.a3 b5 14.b4 Qb6 15.Rfb1 Rfc8
16.Qb2 Be8 17.Nd2 Nd7 18.Nb3 Qd8 19.Nc5 Nb6 20.a4 Nc4 21.Qc2 h6 22.axb5 axb5
23.Rxa8 Rxa8 24.Nxb5 e5 25.Bg3 Nxd4 26.exd4 Bxb5 27.Bxc4 dxc4 28.dxe5 Qd4
29.e6 Qf6 30.exf7+ Qxf7 31.Qe4 Rf8 32.Ne6 Rc8 33.Nc7 Bd7 34.Qb7 Bf6 35.b5 Bf5
36.b6 c3 37.Rc1 Rd8 38.Qc6 c2 39.Rxc2 Bxc2 40.Qxc2 Bd4 41.Qc6 Qd7 42.Qc2 Bxb6
43.Qb3+ Kh8 44.Qxb6 Qd1+ 45.Kh2 Qd4 46.Qa6 Qd7 47.Qg6 Rg8 48.Be5 Rc8 49.Qxh6+ Kg8
50.Qf4 Qf7 51.Qg3 Rd8 52.Bxg7 Kh7 53.Be5 Rd7 54.Qh4+ Kg6 55.Qg4+ Kh7 56.Ne6 Qe7
57.Nf8+ Qxf8 58.Qxd7+  1-0

[Event "Bundesliga 2012-13"]
[Site "Bremen GER"]
[Date "2012.11.11"]
[Round "4"]
[White "Naiditsch,A"]
[Black "Burg,T"]
[Result "1-0"]
[WhiteElo "2704"]
[BlackElo "2502"]

1.c4 c6 2.d4 d5 3.cxd5 cxd5 4.Nc3 Nc6 5.Bf4 e5 6.dxe5 d4 7.Ne4 Qa5+ 8.Nd2 Nge7
9.Nf3 Ng6 10.g3 Be7 11.Bg2 O-O 12.O-O Rd8 13.Nc4 Qa6 14.b3 Be6 15.Qd3 Rac8
16.a3 b5 17.Nd6 Bxd6 18.exd6 Nxf4 19.gxf4 f6 20.f5 Bf7 21.Rfc1 Qb6 22.e4 Ne5
23.Nxe5 Rxc1+ 24.Rxc1 fxe5 25.Bf1 a6 26.a4 Qxd6 27.axb5 axb5 28.Qxb5 Rb8
29.Rc6 Rxb5 30.Rxd6 Rb8 31.f4 exf4 32.b4 g6 33.f6 Bb3 34.b5 Kf7 35.e5 Re8
36.b6 Rxe5 37.b7 Re8 38.Rb6  1-0

[Event "WY GU18 2012"]
[Site "Maribor SLO"]
[Date "2012.11.11"]
[Round "4.22"]
[White "Papathanasiou,E"]
[Black "Hapala,L"]
[Result "1-0"]
[WhiteElo "1908"]
[BlackElo "2025"]

1.c4 c6 2.e4 d5 3.exd5 cxd5 4.cxd5 Nf6 5.Nc3 Nxd5 6.Nf3 Nc6 7.Bb5 Nxc3 8.bxc3 Bg4
9.Qa4 Bxf3 10.gxf3 Qd5 11.Be2 e6 12.Rb1 Qd7 13.Rg1 g6 14.Rg5 Be7 15.Rgb5 Rb8
16.d4 Bd6 17.Bh6 a6 18.Rb6 Bc7 19.Rxb7 Rxb7 20.Rxb7 Ke7 21.Qa3+ Kf6 22.Qc5 e5
23.dxe5+ Kf5 24.e6+  1-0

[Event "FIDE WCh Women World Cup"]
[Site "Khanty-Mansiysk RUS"]
[Date "2012.11.12"]
[Round "1.2"]
[White "Zhao Xue"]
[Black "Khoudgarian,N"]
[Result "1-0"]
[WhiteElo "2565"]
[BlackElo "2138"]

1.c4 c6 2.Nf3 Nf6 3.d4 d5 4.e3 a6 5.Nc3 b5 6.b3 Bg4 7.Bd2 Nbd7 8.h3 Bxf3
9.Qxf3 e6 10.Bd3 bxc4 11.bxc4 Bb4 12.O-O c5 13.cxd5 cxd4 14.exd4 Bxc3 15.Bxc3 Nxd5
16.Bd2 O-O 17.Rab1 N7f6 18.Rb7 Qd6 19.Rfb1 Rfb8 20.Qg3 Qxg3 21.fxg3 Rxb7
22.Rxb7 h6 23.a4 Kf8 24.Kf2 Ne8 25.Ba5 Nd6 26.Rd7 Nc8 27.Rd8+ Ke7 28.Rg8 g6
29.g4 Kd7 30.Bd2 Ra7 31.Bxh6 Nd6 32.Rb8 Nc3 33.a5 Ncb5 34.h4 Nxd4 35.Be3 e5
36.h5 gxh5 37.gxh5 f5 38.g4 Ke6 39.g5 f4 40.Bxd4 exd4 41.h6  1-0

[Event "WY BU18 2012"]
[Site "Maribor SLO"]
[Date "2012.11.12"]
[Round "5.30"]
[White "Kozganbayev,E"]
[Black "Skouvaklis,A"]
[Result "1/2-1/2"]
[WhiteElo "2326"]
[BlackElo "2167"]

1.c4 c6 2.e4 d5 3.exd5 cxd5 4.cxd5 Nf6 5.Nc3 Nbd7 6.Qa4 g6 7.g4 Bg7 8.g5 Nh5
9.Nge2 O-O 10.Ng3 Nc5 11.Qd1 Nxg3 12.hxg3 e6 13.d4 exd5 14.dxc5 Re8+ 15.Be2 d4
16.O-O dxc3 17.Qxd8 Rxd8 18.bxc3 Bf5 19.Bf4 Bxc3 20.Rad1  1/2-1/2

[Event "WY BU18 2012"]
[Site "Maribor SLO"]
[Date "2012.11.12"]
[Round "6"]
[White "Grigoryan,K2"]
[Black "Bluebaum,M"]
[Result "1/2-1/2"]
[WhiteElo "2508"]
[BlackElo "2438"]

1.c4 c6 2.Nf3 d5 3.d4 Nf6 4.Qc2 dxc4 5.Qxc4 Bf5 6.g3 e6 7.Bg2 Nbd7 8.e3 Be7
9.O-O O-O 10.Rd1 Qa5 11.Nbd2 Rfd8 12.Qe2 Bc2 13.Re1 Bg6 14.Nc4 Qc7 15.Bd2 Rac8
16.Nfe5 Nxe5 17.Nxe5 Be4 18.f3 Bg6 19.b4 Nd7 20.Nxg6 hxg6 21.f4 Nb6 22.h4 Qd7
23.Red1 Nd5 24.Rab1 f5 25.g4 Nf6 26.g5 Ne4 27.Be1 a6 28.Bf3 Kf7 29.Rdc1 Qd5
30.Qg2 b6 31.Be2 Qxa2 32.Ra1 Qb3 33.Qf3 b5 34.Bd1 Qd5 35.Rxa6 Rh8 36.Qg2 Rc7
37.Ra3 Nd6 38.Bb3 Qxg2+ 39.Kxg2 Rhc8 40.Ra6 Bf8 41.Bd1 Ke7 42.h5 gxh5 43.Bxh5 Kd7
44.Bf3 Be7 45.Bc3 Rh8 46.Be2 Ne4 47.Be1 g6 48.Bd3 Nd6 49.Bc3 Ne4 50.Be1 Nd6
51.Raa1 Ne4 52.Ra2 Bd6 53.Rca1 Rb7 54.Bc2 Rc7 55.Bb3 Rhc8 56.Bc2 Rh8 57.Bd3 Rb7
58.Bf1 Rc7 59.Kg1 Be7 60.Bg2 Nd6 61.Kf1 Nc4 62.Ke2 Nb6 63.Bd2  1/2-1/2

[Event "15th Mukachevo Rating 2012"]
[Site "Mukachevo UKR"]
[Date "2012.11.13"]
[Round "11.6"]
[White "Bakunc,R"]
[Black "Shkuran,D"]
[Result "0-1"]
[WhiteElo "2276"]
[BlackElo "2381"]

1.c4 c6 2.Nf3 d5 3.b3 Bf5 4.Bb2 e6 5.g3 Nf6 6.Bg2 Nbd7 7.O-O Bd6 8.d3 Qe7
9.a3 a5 10.Nbd2 O-O 11.Re1 Bg6 12.e4 dxe4 13.dxe4 e5 14.Nh4 Nc5 15.Qc2 Rfd8
16.Nf5 Qc7 17.Bc3 Bf8 18.Reb1 Nd3 19.Bf1 Nxf2 20.Kxf2 Qb6+ 21.Kg2 Ng4 22.c5 Qxc5
23.Nc4 Bxf5 24.exf5 Qxc4 25.bxc4 Ne3+ 26.Kf3 Nxc2 27.Ra2 e4+ 28.Ke2 Nxa3
29.Rxb7 Nxc4 30.Ra4 Nd6 31.Rc7 Nxf5 32.Rxc6 Bb4  0-1

[Event "Brno Open 2012"]
[Site "Brno CZE"]
[Date "2012.11.14"]
[Round "6"]
[White "Kantorik,M"]
[Black "Chladek,Va"]
[Result "1/2-1/2"]
[WhiteElo "2342"]
[BlackElo "2020"]

1.c4 c6 2.e4 d5 3.exd5 cxd5 4.cxd5 Nf6 5.Bb5+ Bd7 6.Bc4 Qc7 7.d3 b5 8.Bb3 Na6
9.Nc3 Nc5 10.Be3 a6 11.Bxc5 Qxc5 12.Nf3 g6 13.O-O Bg7 14.Rc1 Rc8 15.Qd2 Qb4
16.Ne5 O-O 17.Rfe1 Qd6 18.Qe2 b4 19.Nc4 Qc7 20.Ne4 Nxd5 21.Ne3 Nf4 22.Qd2 Qe5
23.Rxc8 Rxc8 24.Nc4 Qf5 25.Nb6 Rd8 26.Nxd7 Rxd7 27.Ng3 Qf6 28.Qxb4 Nxd3 29.Qb8+ Bf8
30.Ne4 Qd4 31.Qe8 Ne5 32.Ng5 Rd8 33.Qa4 Qd2 34.Rd1 Qe2 35.Rf1 e6 36.Qa5 Rd4
37.Re1 Nc6 38.Qc3 Qd2 39.Nf3 Qxc3 40.bxc3 Rd3 41.c4 Nd4 42.Nxd4 Rxd4 43.Re5 Bb4
44.Kf1 Rd2 45.g3 Kf8 46.a3 Bxa3  1/2-1/2

[Event "22nd World Seniors Women"]
[Site "Kamena Vourla GRE"]
[Date "2012.11.15"]
[Round "3.5"]
[White "Ankudinova,Y"]
[Black "Beliaeva,N"]
[Result "1/2-1/2"]
[WhiteElo "2147"]
[BlackElo "2006"]

1.c4 c6 2.d4 d5 3.Nf3 Nf6 4.Qc2 g6 5.Bf4 Bg7 6.e3 O-O 7.Bd3 dxc4 8.Bxc4 Qa5+
9.Nbd2 Bf5 10.Bd3 Bxd3 11.Qxd3 Nbd7 12.O-O Nh5 13.Bg3 Rfe8 14.b4 Qd8 15.Rac1 h6
16.Bh4 g5 17.Bg3 Nxg3 18.fxg3 e5 19.Qf5 Qe7 20.h4 gxh4 21.gxh4 exd4 22.exd4 Qe6
23.Qxe6 Rxe6 24.d5 cxd5 25.Rc7 Nf6 26.Rxb7 Rb6 27.Rxb6 axb6 28.Nb3 Rxa2 29.Nfd4 Rb2
30.Rc1 Ng4 31.Rc8+ Kh7 32.Rc1 Bxd4+ 33.Nxd4 Rxb4 34.Rd1 Rb2 35.Rf1 Kg6 36.g3 Ne3
37.Rf3 Rg2+ 38.Kh1 Rd2 39.Rxe3 Rxd4 40.Rb3 Re4 41.Rxb6+ Re6 42.Rb3 d4 43.Kg2 h5
44.Rb5 Rd6 45.Rg5+ Kh6 46.Kf2 d3 47.Ke1 f6 48.Rf5 d2+ 49.Kd1 Kg6 50.Rf4 Rd3
51.g4 hxg4 52.Rxg4+ Kh5 53.Ra4 f5 54.Ra5 Rf3 55.Kxd2 Kxh4 56.Ke2 Kg3 57.Ra8 Rf2+
58.Ke1 f4 59.Rg8+ Kf3 60.Ra8 Re2+ 61.Kf1 Rc2 62.Ra3+ Kg4 63.Rb3 f3 64.Rb8  1/2-1/2

[Event "WY BU16 2012"]
[Site "Maribor SLO"]
[Date "2012.11.15"]
[Round "8.48"]
[White "Liu,Dennis"]
[Black "Foo,William J"]
[Result "1-0"]
[WhiteElo "1909"]
[BlackElo "2072"]

1.c4 c6 2.g3 d5 3.Bg2 Nf6 4.Nf3 Bf5 5.cxd5 cxd5 6.Qb3 Qb6 7.Qxb6 axb6 8.Nc3 Nc6
9.d3 e6 10.Bf4 Bc5 11.O-O h6 12.Nb5 Kd7 13.a3 g5 14.Bd2 Rhc8 15.b4 Be7 16.Bc3 Ne8
17.Ne5+ Nxe5 18.Bxe5 Bg4 19.Rfe1 Nd6 20.Bxd6 Bxd6 21.e4 e5 22.exd5 Rc2 23.d4 f6
24.Be4 Rd2 25.f3 Bh3 26.g4 h5 27.Bf5+ Ke7 28.Rac1 hxg4 29.fxg4 Rh8 30.Rc8 Rh4
31.Nxd6 Kxd6 32.Rd8+ Ke7 33.Rd7+ Kf8 34.Rc1  1-0

[Event "11th Kheireddine Ameyar Mem 2012"]
[Site "Algiers ALG"]
[Date "2012.11.16"]
[Round "1.3"]
[White "Malakhatko,V"]
[Black "Ioualalen,Lotfi"]
[Result "1-0"]
[WhiteElo "2550"]
[BlackElo "2119"]

1.c4 c6 2.Nf3 d5 3.d4 Nf6 4.Qb3 Qb6 5.Nc3 Qxb3 6.axb3 Bf5 7.Bg5 e6 8.Bxf6 gxf6
9.e3 Nd7 10.Be2 Be7 11.O-O O-O 12.Rac1 Rfd8 13.Nh4 Bg6 14.g3 f5 15.Ng2 Nf6
16.Rfd1 h5 17.Na4 Rac8 18.Nc5 Bxc5 19.dxc5 dxc4 20.Bxc4 Ne4 21.b4 Nd2 22.Be2 e5
23.f4 f6 24.Nh4 Kg7 25.Kf2 Rd7 26.Ke1 Rcd8 27.Rc2 Ne4 28.Rxd7+ Rxd7 29.Bc4 Re7
30.Bd3 Rd7 31.Ke2 a6 32.Rc1 Bh7 33.Rd1 Bg6 34.fxe5 fxe5 35.Nxg6 Kxg6 36.Bxe4 Rxd1
37.Kxd1 fxe4 38.h3 Kf5 39.Kd2 Ke6 40.Kc2 Kd5 41.Kc3 Ke6 42.Kc4 Kf5 43.Kb3 Ke6
44.Ka4 Kd7 45.Ka5 Kc7 46.b3  1-0

[Event "22nd World Seniors Women"]
[Site "Kamena Vourla GRE"]
[Date "2012.11.16"]
[Round "4.4"]
[White "Khmiadashvili,T"]
[Black "Ankudinova,Y"]
[Result "0-1"]
[WhiteElo "2115"]
[BlackElo "2147"]

1.c4 c6 2.g3 d5 3.cxd5 cxd5 4.Bg2 Nc6 5.Nf3 Bg4 6.h3 Bxf3 7.Bxf3 Qd7 8.Bg2 Nf6
9.d3 e6 10.O-O Be7 11.e3 O-O 12.f4 Rfc8 13.a3 b5 14.g4 a5 15.b3 Ra6 16.Bb2 Qa7
17.Qe2 b4 18.a4 Nd8 19.g5 Nd7 20.f5 Bxg5 21.Bd4 Qb7 22.fxe6 Nxe6 23.Qh5 g6
24.Qf3 Nxd4 25.Qxf7+ Kh8 26.exd4 Rf6 27.Rxf6 Bxf6 28.Bxd5 Bxd4+ 29.Kg2 Qc7
30.Ra2 Rf8 31.Qe6 Nc5 32.Qg4 Qe5 33.Bc4 Qe3 34.Qd1 Rf5 35.h4 g5 36.h5 g4  0-1